Trayectoria de la novela en México

Guardado en:
Bibliografiske detaljer
Hovedforfatter: González, Manuel Pedro
Format: Bog
Sprog:Undetermined
Udgivet: México, Distrito Federal Botas 1951
Fag:
Tags: Tilføj Tag
Ingen Tags, Vær først til at tagge denne postø!

MARC

LEADER 00000nam a2200000Ia 4500
008 170316s9999 xx 000 0 und d
040 |a cru BVZT 
090 |a A-860 G-2t 
100 |a González, Manuel Pedro 
245 |a Trayectoria de la novela en México 
260 |a México, Distrito Federal 
260 |b Botas 
260 |c 1951 
300 |a 418 páginas 
650 |a LITERATURA LATINOAMERICANA 
999 |c 12501  |d 12501 
942 |c 15 D  |h A-860 G-2t  |2 z